Biblioteca

A Biblical word for an urban world (Registro nro. 68986)

Detalles MARC
000 -LÍDER
Campo fijo de descripción fija 01287nam a2200313 i 4500
001 - NÚMERO DE CONTROL
Campo de control 768714001
003 - IDENTIFICADOR DEL NÚMERO DE CONTROL
Campo de control CO-MdFUSB
005 - FECHA Y HORA DE LA ULTIMA TRANSACCIÓN
control field 20240618062725.0
007 - CAMPO FIJO DE DESCRIPCIÓN FIJA--INFORMACIÓN GENERAL
Campo fijo de descripción fija ta
008 - ELEMENTOS DE LONGITUD FIJA -- INFORMACIÓN GENERAL
Campo fijo de descripción fija -- Información general 230721t2000 us b|||g |||| 00| 0 eng d
040 ## - FUENTE DE CATALOGACIÓN
Agencia de catalogación original CO-MdFUSB
Idioma de catalogación spa
Agencia que realiza la transcripción CO-MdFUSB
Agencia que realiza la modificación CO-MdFUSBC
Convenciones de la descripción rda
041 ## - CÓDIGO DE IDIOMA
Código de idioma para texto/pista de sonido o título separado eng
082 ## - NÚMERO DE CLASIFICACIÓN DECIMAL DEWEY
Número de la edición del Dewey 23
Número de clasificación 266
Clave de autor-Numero de item B1688
100 ## - ASIENTO PRINCIPAL--NOMBRE PERSONAL
Nombre personal Bakke, Ray.
Término relacionador autor
245 12 - TÍTULO
Título del Material A Biblical word for an urban world
Parte restante del título - Subtitulo : Messages from the 1999 world mission conference
Mención de responsabilidad, etc. / Raymond Bakke
264 1# - PRODUCCIÓN, PUBLICACIÓN, DISTRIBUCIÓN, MANUFACTURA, Y COPYRIGHT
Lugar de producción, publicación, distribución, manufactura Valley Forge, PA ;
Nombre del productor, publicador, distribuidor Board of International Ministries,
Fecha de producción, publicación, distribución, manufactura, o copyright [2000]
264 4# - PRODUCCIÓN, PUBLICACIÓN, DISTRIBUCIÓN, MANUFACTURA, Y COPYRIGHT
Fecha de producción, publicación, distribución, manufactura, o copyright ©2000
300 ## - DESCRIPCIÓN FÍSICA
Extensión 103 páginas
Dimensiones ; 22 cm
336 ## - TIPO DE CONTENIDO
Fuente rdacontent
Término de tipo de contenido texto
Código de tipo de contenido txt
337 ## - TIPO DE MEDIO
Fuente rdamedia
Nombre del tipo de medio sin mediación
Código del tipo de medio n
338 ## - TIPO DE SOPORTE
Fuente rdacarrier
Nombre del tipo de soporte volumen
Código Tipo de soporte nc
505 ## - NOTA DE CONTENIDO
Nota de contenido con formato preestablecido Jonás: la misión de Dios en el contexto de la opresión y la violencia -- Los tres persas y la misión de Dios en el contexto, la pobreza y el desarrollo -- La Navidad de Mateo y la misión mundial -- La iglesia del centro de la ciudad de Antioquía que inventó la misión extranjera -- El drama de la evangelización del Nuevo Testamento: Onésimo, el refugiado internacional
563 ## - NOTA DE ENCUADERNACIÓN
Nota de encuadernación rústico
650 #7 - ASIENTO SECUNDARIO DE MATERIA - TERMINO TEMÁTICO
9 (RLIN) 188
Término temático o nombre geográfico como elemento de entrada Vida urbana
650 #0 - ASIENTO SECUNDARIO DE MATERIA - TERMINO TEMÁTICO
Término temático o nombre geográfico como elemento de entrada Misiones
9 (RLIN) 154
942 ## - TIPO DE MATERIAL (KOHA)
Tipo de Item KOHA Libros General
945 ## - INFORMACIÓN LOCAL DEL REGISTRO
Catalogador AF
Existencias
Estado de Material Estado de Perdido Forma de Clasificación Estado de Dañado No para Préstamo Colección Biblioteca de Origen Biblioteca Permanente Fecha de Adquisición Total de Préstamos Signatura Topográfica Código de Barras Última vez visto Ejemplar/Existencia Fecha de Remplazo Tipo de Material
    Dewey Decimal Classification     Colección General Biblioteca FUSBC Biblioteca FUSBC 21/07/2023   G 266 B1688b 28999 21/07/2023 Ej. 1 21/07/2023 Libros General

Biblioteca FUSBC | Teléfono: (57+4) 349 88 10 Ext. 141| WhatsApp (+57) 3005338115 
E-mail: biblioteca@unisbc.edu.co | Calle 76 87-14 Robledo Palenque, Medellín, Colombia

Con tecnología Koha